| 000 | 01484nam a2200421 a 4500 | ||
|---|---|---|---|
| 999 |
_c23286 _d23286 |
||
| 001 | 000637985 | ||
| 005 | 20220808082342.0 | ||
| 007 | ta | ||
| 008 | 021125s2002 xr g f cze d | ||
| 020 |
_a8024206102 _q(Euromedia Group - Knižní klub ; váz.) |
||
| 020 |
_a8072144693 _q(Baronet ; váz.) |
||
| 035 | _a(OCoLC)85032575 | ||
| 040 |
_aBOA001 _bcze _cBOA001 |
||
| 041 | 1 |
_acze _heng |
|
| 072 | 7 |
_a821.111-3 _xAnglická próza, anglicky psaná _2Konspekt |
|
| 080 |
_a821.111-31 _2MRF |
||
| 080 |
_a355.318 _2MRF |
||
| 080 |
_a355.48(477) _2MRF |
||
| 080 |
_a94(100)"1939/1945" _2MRF |
||
| 080 |
_a94(477) _2MRF |
||
| 080 |
_a(0:82-311.6) _2MRF |
||
| 100 | 1 |
_aKessler, Leo, _d1926-2007 _4aut _93254 |
|
| 245 | 1 | 0 |
_aCharkov: Pochod smrti : _bz historie pluku SS Wotan / _cLeo Kessler ; [přeložil Bohumil Neumann] |
| 246 | 3 | 3 | _aPochod smrti |
| 250 | _aVyd. 1. | ||
| 260 |
_aPraha : _bBaronet, _c2002 |
||
| 300 |
_a246 s. ; _c21 cm |
||
| 500 | _aVydáno ve spolupráci s Knižním klubem | ||
| 610 | 2 | 7 |
_aWaffen-SS _2czenas _93255 |
| 650 | 0 | 7 |
_aspeciální jednotky (vojenství) _zNěmecko _2czenas _93256 |
| 650 | 0 | 7 |
_aCharkov, bitva, 1942 _2czenas _93257 |
| 650 | 0 | 7 |
_adruhá světová válka, 1939-1945 _zUkrajina _2czenas _93258 |
| 651 | 7 |
_aCharkov (Ukrajina) _xdějiny _y1942 _2czenas _93259 |
|
| 655 | 7 |
_aanglické romány _2czenas _98 |
|
| 655 | 7 |
_aválečné romány _2czenas _93260 |
|
| 700 | 1 |
_aNeumann, Bohumil, _d1930-2010 _4trl _93261 |
|
| 765 | 0 | _tMarch of death | |